000 00778nam a2200217 4500
003 OSt
005 20221116140802.0
008 221111b |||||||| |||| 00| 0 eng d
020 _a88 8341 339 1
040 _cBiblioteca Lado V
082 _a791.433
_bH734h
110 _eautor
_9424
_aHolland Animation Association
245 _aHolland Animation Bulletin International Issue/
_b1999-2000/
260 _c2000
_bNederlands Fonds voor de film
300 _a111p.
_c15x22cm
_bColophon
650 _2Tesauro de Arte & Arquitectura
_aARTE ANIMADO
650 _2Tesauro de Arte & Arquitectura
_aCARICATURAS
650 _2Tesauro de Arte & Arquitectura
_aTITERES
650 _2Tesauro de Arte & Arquitectura
_aTELEVISION
942 _2ddc
_c1
_h791.433
_iH734h
_n0
999 _c2639
_d2639